| 000 | nam a22 7a 4500 | ||
|---|---|---|---|
| 999 |
_c20570 _d20570 |
||
| 008 | 170120b xxu||||| |||| 00| 0 eng d | ||
| 020 | _a807824666 | ||
| 050 | _aNA 730 .T4T65 1999 | ||
| 100 |
_aTolbert Lisa C. _d1999 |
||
| 245 |
_aConstructing Townscapes _cLisa C. Tolbert |
||
| 260 |
_aLondon _bSpace and Society _c1999 |
||
| 300 |
_axvii,294p; _bill.; _c24cm. |
||
| 521 | _aincludes bibliographical references and index | ||
| 942 |
_2lcc _cBOOKS _hNA 730 .T4T65 1999 _k30401 |
||